Agropotravinárske trhy a ceny.
Súčasťou premeny agropotravinárskeho komplexu na bázu trhovej ekonomiky je aj deregulácia, resp. liberalizácia cien, za ktoré výrobcovia predávajú svoje produkty a cien, za ktoré nakupujú vstupy. Na trhu došlo k neočakávaným pohybom. Skúmanie otázky, aký bude ďalší pohyb cien, ktoré faktory ho budú...
Saved in:
| Main Author: | |
|---|---|
| Format: | Book Chapter |
| Language: | Slovak |
| Subjects: | |
| Tags: |
No Tags, Be the first to tag this record!
|
MARC
| LEADER | 00000naa a2200000 4500 | ||
|---|---|---|---|
| 001 | r009735 | ||
| 005 | 20220831080145.6 | ||
| 041 | 0 | |a slo | |
| 044 | |a [CS] | ||
| 245 | 1 | 0 | |a Agropotravinárske trhy a ceny. |c Miroslav Grznár |
| 520 | |a Súčasťou premeny agropotravinárskeho komplexu na bázu trhovej ekonomiky je aj deregulácia, resp. liberalizácia cien, za ktoré výrobcovia predávajú svoje produkty a cien, za ktoré nakupujú vstupy. Na trhu došlo k neočakávaným pohybom. Skúmanie otázky, aký bude ďalší pohyb cien, ktoré faktory ho budú podmieňovať a aké možnosti majú v trhovej ekonomike výrobcovia zasiahnuť do cenového vývoja. | ||
| 610 | 2 | 0 | |a komplex poľnohospodársko-potravinársky |
| 610 | 2 | 0 | |a trh |
| 610 | 2 | 0 | |a ceny |
| 610 | 2 | 0 | |a liberalizácia |
| 610 | 2 | 0 | |a hospodárstvo trhové |
| 610 | 2 | 0 | |a tvorba cien |
| 610 | 2 | 0 | |a ČSFR |
| 100 | 1 | |a Grznár, Miroslav | |